Online
Catalog

Nuevos destinos : (Record no. 24604)

MARC details
000 -CABECERA
campo de control de longitud fija 00432nam a2200133 a 4500
001 - NÚMERO DE CONTROL
campo de control 000025111
005 - FECHA Y HORA DE LA ÚLTIMA TRANSACCIÓN
campo de control 20200930023554.0
008 - DATOS DE LONGITUD FIJA--INFORMACIÓN GENERAL
campo de control de longitud fija 110210s1976 xxua 000 0 spa d
040 ## - FUENTE DE LA CATALOGACIÓN
Centro catalogador/agencia de origen DO-SdBNP
Lengua de catalogación spa
Centro/agencia transcriptor BNPHU
100 1# - ENTRADA PRINCIPAL--NOMBRE DE PERSONA
Nombre de persona Elliott, A. Raymund
9 (RLIN) 51502
245 13 - MENCIÓN DE TÍTULO
Título Nuevos destinos :
Resto del título español para hispanohablantes /
Mención de responsabilidad, etc. A. Raymund Elliott.
260 ## - PUBLICACIÓN, DISTRIBUCIÓN, ETC.
Lugar de publicación, distribución, etc. Estados Unidos :
Nombre del editor, distribuidor, etc. MCGraw - Hill,
Fecha de publicación, distribución, etc. 1976.
300 ## - DESCRIPCIÓN FÍSICA
Extensión 319 p. :
Otras características físicas il., retrs. ;
Dimensiones 26 cm.

No items available.

Powered by Koha